| 000 | 02024nam0a2200421 4500 | ||
|---|---|---|---|
| 001 | RU\NLR\bibl\965816 | ||
| 005 | 20260406074912.0 | ||
| 010 |
_a5-02-026252-8 _9800 |
||
| 021 |
_aRU _b2006-36517 _91830 |
||
| 035 | _a(NLR Aleph) 000953816 | ||
| 090 |
_a296489 _c296489 |
||
| 100 | _a20060707d2006 |||y0rusy50 ca | ||
| 101 | 0 |
_arus _deng _eeng |
|
| 102 | _aRU | ||
| 105 | _aa ||||||||| | ||
| 200 | 1 |
_aГормональный фактор пространства и времени внутренней среды организма _dHormonal factor of internal space and time of an organism _fМ. П. Чернышева, А. Д. Ноздрачев _zeng |
|
| 210 |
_aСанкт-Петербург _cНаука _d2006 |
||
| 215 |
_a244, [1] с. _cил. _d22 |
||
| 300 | _aАвт. также на англ. яз.: M. P. Chernisheva, A. D. Nozdrachev | ||
| 300 | _aРез. на англ. яз. | ||
| 320 | _aБиблиогр.: с. 207-240 | ||
| 510 | 0 |
_6z11790 _aHormonal factor of internal space and time of an organism _zeng |
|
| 606 | 1 |
_aНейро-гуморальная регуляция _9904226 _3RU\NLR\auth\669271 |
|
| 606 | 1 |
_aГомеостаз _91261546 _3RU\NLR\auth\66200479 |
|
| 606 | 1 |
_aФизиологические процессы _xРитм _91144693 _3RU\NLR\auth\66137681 |
|
| 686 | _aЕ991.718 | ||
| 686 | _aЕ903,11 | ||
| 700 | 1 |
_4070 _8rus _7ca _aЧернышева _bМ. П. _cд-р биол. наук _gМарина Павловна _3RU\NLR\AUTH\7741155 _924105 |
|
| 701 | 1 |
_4070 _8rus _7ca _aНоздрачев _bА. Д. _f1931- _gАлександр Данилович _3RU\NLR\AUTH\7735636 _918633 |
|
| 790 | 1 |
_4070 _8rus _7ba _aČernyšova _bM. P. _cд-р биол. наук _gMarina Pavlovna _3RU\NLR\AUTH\7741159 _924109 |
|
| 790 | 1 |
_4070 _8rus _7ba _aNozdračev _bA. D. _f1931- _gAleksandr Danilovič _3RU\NLR\AUTH\7735637 _918634 |
|
| 801 | 0 |
_aRU _bNLR _c20060707 _grcr |
|
| 801 | 1 |
_aRU _bNLR _c20060707 |
|
| 830 | _aАвт. по кн. | ||
| 942 | _cBOOK | ||
| 980 | _aNB | ||